Türk halkının sağlık düzeyi nasıl yükseltilebilir (Record no. 6224)

MARC details
000 -BAŞLIK
Sabit Uzunlukta Kontrol Alanı 00702na a2200229 4500
001 - KONTROL NUMARASI
Denetim Alanı 19269
003 - KONTROL NUMARASI IDENTIFIER
Denetim Alanı MIRAKIL
005 - SON İŞLEM TARİHİ VE ZAMANI
Denetim Alanı 20181213155100.0
008 - SABİT-BOY VERİ ELEMANLARI - GENEL BİLGİLER
Sabit Uzunlukta Kontrol Alanı 161212b tu 000 0
040 ## - KATALOGLAMA KAYNAK
Orijinal Kataloglama Ajansı Milas
Kataloglama Dili tur
Metne Dönüştürmek Ajansı TR-AnCHP
041 ## - DİL KODU
Metin / Ses Parça Veya Ayrı Başlığın Dil Kodu tur
082 ## - DEWEY ONLU SINIFLANDIRMA NUMARASI
Sınıflandırma Numarası 613.9435
Ürün Numarası F57t 1989
090 ## - SINIFLAMA NUMARASI
Sınıflama Numarası 613.9435 F57t 1989
100 ## - ANA GİRİŞ - KİŞİSEL İSİM
Kişisel Ad Fişek, Nusret H.
245 ## - BAŞLIK TABLOSU
Başlık Türk halkının sağlık düzeyi nasıl yükseltilebilir
Sorumluluk Tablosu, Vb Nusret H. Fişek
260 ## - YAYIN, DAĞITIM, VB
Yayın, Dağıtım, Vb Yeri Ankara
Yayıncı, Dağıtıcı, Vs Adı TÜSES Yayınları
Yayın, Dağıtım, Vb Tarihi 1989
300 ## - FİZİKSEL TANIM
Kapsam 23, [9] s.
Diğer Fiziksel Ayrıntıları tbl.
Boyutlar 30 sm.
504 ## - KAYNAKÇA VB NOT
Kaynakça Vb Notu Kaynakça var.
650 ## - KONU KATMA GİRİŞ - TOPİKAL DÖNEM
Topikal Süreli Veya Coğrafi Ad Giriş Elemanı Sağlık hizmetleri
Coğrafi Alt Bölümü Türkiye
830 ## - SERİSİ EKLENDİ GİRİŞ - ÜNİFORM ADI
Üniforma Başlık Türkiye Sosyal Ekonomik Siyasal Araştırmalar Vakfı Yayınları
942 ## - EKLENDİ GİRİŞ ELEMANLARI (KOHA)
Sınıflandırma Veya Raf Düzeni Kaynak Dewey Decimal Classification
Koha Öğesi Türü Books
999 ## - SİSTEM KONTROL NUMARALARI (KOHA)
Koha Biblionumber 6224
Koha Biblioitemnumber 6224
Holdings
Kalıcı Konum Mevcut Konum Edinme Tarihi Edinim Kaynak Toplam Check-Out'Lar Tam Çağrı Numarası Barkod Tarih Son Görülme İtibaren Geçerli Fiyatlar Koha Öğesi Türü
CHP Kütüphanesi CHP Kütüphanesi 12/12/2016 Bağış   613.9435 F57t 1989 011524 12/12/2016 12/12/2016 Books